[Event "Festival Jean-Claude Loubatière - Master"]
[Site "Montpellier"]
[Date "2006.07.14"]
[Round "7.1"]
[White "Kosten, Anthony C"]
[Black "Hamdouchi, Hichem"]
[Result "0-1"]
[WhiteElo "2530"]
[BlackElo "2579"]
[PlyCount "106"]
[EventDate "2006.??.??"]

1. c4 Nf6 2. Nc3 e5 3. Nf3 Nc6 4. g3 Nd4 5. Bg2 Nxf3+ 6. Bxf3 Bc5 7. O-O O-O 8.
d3 c6 9. Bg5 h6 10. Bxf6 Qxf6 11. Ne4 Qe7 12. Nxc5 Qxc5 13. e3 Qe7 14. Bg2 d6
15. Qd2 Be6 16. f4 Qd7 17. Qc3 exf4 18. exf4 d5 19. Qd4 dxc4 20. Qxd7 Bxd7 21.
dxc4 Bf5 22. Rfe1 Rfd8 23. Rad1 Kf8 24. Kf2 Be6 25. b3 a5 26. Be4 g6 27. Ke3
Re8 28. Kf2 a4 29. Rd2 Kg7 30. Bf3 axb3 31. axb3 Ra3 32. Re3 Rea8 33. g4 Ra1
34. Ree2 R8a3 35. Rb2 Rc1 36. Red2 Rc3 37. Bd1 b5 38. cxb5 cxb5 39. b4 Rc4 40.
f5 Rf4+ 41. Ke1 Bc4 42. Rd6 gxf5 43. gxf5 Rf1+ 44. Kd2 Rxf5 45. Kc1 Ra1+ 46.
Kc2 Rf1 47. Bg4 Rfc1+ 48. Kd2 Rg1 49. Bf3 Ra3 50. Be4 Rh3 51. Rc2 Rxh2+ 52. Kc3
Rg3+ 53. Kd4 Rh4 0-1

[Event "Festival Jean-Claude Loubatière - Master"]
[Site "Montpellier"]
[Date "2006.07.14"]
[Round "7.2"]
[White "Libiszewski, Fabien"]
[Black "Hebden, Mark"]
[Result "0-1"]
[WhiteElo "2482"]
[BlackElo "2532"]
[PlyCount "116"]
[EventDate "2006.??.??"]

1. e4 e5 2. Nf3 Nc6 3. Bb5 a6 4. Bxc6 dxc6 5. O-O Bd6 6. d4 exd4 7. Qxd4 f6 8.
Be3 Ne7 9. Nbd2 Be6 10. Rfd1 Ng6 11. Nc4 Bxc4 12. Qxc4 Qe7 13. a4 Qf7 14. Qc3
O-O 15. Nd4 Rfe8 16. Nf5 Rad8 17. f3 Nf4 18. Qe1 Ne6 19. c3 Bf8 20. Rxd8 Rxd8
21. Rd1 Rd7 22. a5 Qe8 23. Kf1 g6 24. Nd4 Bd6 25. Ne2 Ng7 26. Bf4 Qe6 27. Bxd6
cxd6 28. Qd2 Qe5 29. Qf4 Ne6 30. Qxe5 fxe5 31. Kf2 Kf7 32. Ke3 Ke7 33. g3 Rd8
34. f4 exf4+ 35. gxf4 Rf8 36. Rg1 d5 37. exd5 cxd5 38. Rg4 Kd7 39. Nd4 Re8 40.
Nxe6 Rxe6+ 41. Kf3 Re1 42. Rh4 h5 43. Rh3 Ke6 44. Rg3 Kf6 45. Rg5 Rf1+ 46. Ke3
Rh1 47. Rxd5 Rxh2 48. Rd6+ Kf5 49. Rb6 Rh3+ 50. Kf2 h4 51. Rxb7 Kxf4 52. Rb4+
Kf5 53. Kg2 Rg3+ 54. Kh2 g5 55. Rc4 Re3 56. b4 g4 57. Rc8 Re2+ 58. Kg1 h3 0-1

[Event "Festival Jean-Claude Loubatière - Master"]
[Site "Montpellier"]
[Date "2006.07.14"]
[Round "7.3"]
[White "Bricard, Emmanuel"]
[Black "Jedynak, Radoslaw"]
[Result "1/2-1/2"]
[WhiteElo "2469"]
[BlackElo "2519"]
[PlyCount "90"]
[EventDate "2006.??.??"]

1. d4 e6 2. c4 Nf6 3. Nc3 Bb4 4. a3 Bxc3+ 5. bxc3 Ne4 6. e3 f5 7. Qh5+ g6 8.
Qh6 Qg5 9. Qxg5 Nxg5 10. f3 b6 11. e4 Nf7 12. Bf4 d6 13. exf5 gxf5 14. c5 bxc5
15. dxc5 Ba6 16. Nh3 Bxf1 17. Rxf1 Nd7 18. cxd6 cxd6 19. Ng5 e5 20. Nxf7 Kxf7
21. Be3 Rhc8 22. Kd2 Rc4 23. Rfb1 Rac8 24. Bxa7 Rxc3 25. Rc1 Rxc1 26. Rxc1 Ra8
27. Rc7 Ke7 28. Rb7 Kd8 29. Bb6+ Nxb6 30. Rxb6 Kc7 31. Rb3 d5 32. g4 fxg4 33.
fxg4 Kd6 34. Rb7 h5 35. gxh5 Rxa3 36. h6 Rh3 37. h7 e4 38. Ke2 Kc5 39. Kf2
Rxh2+ 40. Kg3 Rh1 41. Kf4 Kd4 42. Rb4+ Kc3 43. Rb7 Kd4 44. Rb4+ Kc3 45. Rb7 Kd4
1/2-1/2

[Event "Festival Jean-Claude Loubatière - Master"]
[Site "Montpellier"]
[Date "2006.07.14"]
[Round "7.4"]
[White "Dziuba, Marcin"]
[Black "Fantin, Ludwig"]
[Result "1-0"]
[WhiteElo "2511"]
[BlackElo "2226"]
[PlyCount "43"]
[EventDate "2006.??.??"]

1. d4 Nf6 2. c4 e6 3. Nf3 b6 4. g3 Ba6 5. b3 Bb4+ 6. Bd2 Be7 7. Bg2 c6 8. Bc3
d5 9. Ne5 Nfd7 10. Nxd7 Nxd7 11. Nd2 O-O 12. O-O Rc8 13. Re1 Nf6 14. e4 dxc4
15. bxc4 b5 16. e5 Ne8 17. c5 f5 18. exf6 Rxf6 19. Ne4 Rf8 20. Bh3 Nc7 21. Ba5
Qd5 22. Nd6 1-0

[Event "Festival Jean-Claude Loubatière - Master"]
[Site "Montpellier"]
[Date "2006.07.14"]
[Round "7.5"]
[White "Czakon, Jakub"]
[Black "Savchenko, Stanislav"]
[Result "1-0"]
[WhiteElo "2484"]
[BlackElo "2508"]
[PlyCount "79"]
[EventDate "2006.??.??"]

1. d4 d5 2. c4 c6 3. Nc3 Nf6 4. Nf3 e6 5. e3 Nbd7 6. Qc2 Bd6 7. g4 h6 8. Bd2
dxc4 9. Bxc4 b5 10. Be2 Bb7 11. e4 Be7 12. g5 hxg5 13. Nxg5 c5 14. dxc5 Nxc5
15. Bxb5+ Nfd7 16. Rg1 a6 17. e5 Bxg5 18. Bxg5 Qc7 19. Bxd7+ Qxd7 20. Rd1 Qc7
21. Rd6 Rxh2 22. Qd2 Rh3 23. Be3 g6 24. Bg5 Rc8 25. Rg4 Rh1+ 26. Ke2 Rh3 27.
Rh4 Rxh4 28. Bxh4 Nd7 29. Qh6 Qc4+ 30. Kd2 Qb4 31. Qh8+ Nf8 32. Qf6 Qxb2+ 33.
Kd1 Bf3+ 34. Qxf3 f5 35. exf6 Kf7 36. Qd3 Rc5 37. Qe3 Qb4 38. Qh6 Ke8 39. Qg7
Qg4+ 40. f3 1-0

[Event "Festival Jean-Claude Loubatière - Master"]
[Site "Montpellier"]
[Date "2006.07.14"]
[Round "7.6"]
[White "Argandona Rivero, Inigo"]
[Black "Cornette, Matthieu"]
[Result "1/2-1/2"]
[WhiteElo "2366"]
[BlackElo "2447"]
[PlyCount "29"]
[EventDate "2006.??.??"]

1. d4 d5 2. c4 c6 3. Nc3 Nf6 4. cxd5 cxd5 5. Bf4 Nc6 6. e3 a6 7. Bd3 Bg4 8.
Nge2 e6 9. Rc1 Bd6 10. f3 Bh5 11. O-O Bg6 12. Bxd6 Qxd6 13. Nf4 Bxd3 14. Nxd3
O-O 15. f4 1/2-1/2

[Event "Festival Jean-Claude Loubatière - Master"]
[Site "Montpellier"]
[Date "2006.07.14"]
[Round "7.9"]
[White "Prie, Eric"]
[Black "Hanley, Craig"]
[Result "1-0"]
[WhiteElo "2507"]
[BlackElo "2419"]
[PlyCount "91"]
[EventDate "2006.??.??"]

1. d4 Nf6 2. Nf3 g6 3. Bf4 Bg7 4. e3 O-O 5. Be2 c5 6. c3 d6 7. dxc5 dxc5 8. Na3
Nc6 9. Ne5 Nxe5 10. Bxe5 Be6 11. O-O Qc8 12. Bf3 Rd8 13. Qe2 Bd5 14. e4 Bc6 15.
Rfe1 Qe6 16. Bf4 b6 17. h3 h5 18. Bc7 Rd7 19. Bg3 Rad8 20. Qc4 Qxc4 21. Nxc4
Bb5 22. Ne5 Rd2 23. a4 Ba6 24. Nc6 Re8 25. b4 Nh7 26. e5 Ng5 27. Bd1 Ne6 28.
Nxa7 cxb4 29. cxb4 Nd4 30. b5 Bb7 31. Rc1 e6 32. Bf4 Rd3 33. Re3 Rd2 34. Nc6
Nxc6 35. bxc6 Bxc6 36. Re1 Rd4 37. Be3 Rxd1 38. Rexd1 Bxa4 39. Rd4 b5 40. f4
Bb3 41. Rc5 Bc4 42. Rd7 Ra8 43. Rcc7 Bd5 44. Rxf7 Ra1+ 45. Kh2 Bf8 46. Rf6 1-0

[Event "Festival Jean-Claude Loubatière - Master"]
[Site "Montpellier"]
[Date "2006.07.14"]
[Round "7.11"]
[White "Sandu, Mihaela"]
[Black "Flear, Glenn C"]
[Result "0-1"]
[WhiteElo "2213"]
[BlackElo "2474"]
[PlyCount "98"]
[EventDate "2006.??.??"]

1. e4 e5 2. Nf3 Nc6 3. Nc3 Nf6 4. d4 exd4 5. Nxd4 Bb4 6. Nxc6 bxc6 7. Bd3 d5 8.
exd5 Qe7+ 9. Qe2 cxd5 10. Qxe7+ Kxe7 11. a3 Bxc3+ 12. bxc3 Be6 13. Bf4 Ne8 14.
Rb1 Nd6 15. Kd2 c5 16. Rb2 Rhb8 17. Rhb1 Rxb2 18. Rxb2 h6 19. h4 Rc8 20. Kc1
Rc6 21. Rb8 c4 22. Be2 Ra6 23. Be3 Rxa3 24. Bc5 Ra1+ 25. Kb2 Re1 26. Bf3 Kd7
27. Bxa7 f5 28. Be3 Rh1 29. g3 Rf1 30. Ra8 Ne4 31. Ra7+ Kc6 32. Bh5 g5 33. hxg5
hxg5 34. Be8+ Kd6 35. f4 Nxg3 36. fxg5 f4 37. Bb6 Nf5 38. Rh7 f3 39. Bc7+ Kc5
40. Bb8 d4 41. cxd4+ Kd5 42. Kc3 Rb1 43. Bh5 Nxd4 44. Bg3 Ne2+ 45. Kd2 Nxg3 46.
Bxf3+ Ke5 47. Re7 Nf5 48. Re8 Rg1 49. Be2 Nd6 0-1

[Event "Festival Jean-Claude Loubatière - Master"]
[Site "Montpellier"]
[Date "2006.07.14"]
[Round "7.13"]
[White "Guidarelli, Laurent"]
[Black "Palleja, Xavier"]
[Result "0-1"]
[WhiteElo "2437"]
[BlackElo "2206"]
[PlyCount "80"]
[EventDate "2006.??.??"]

1. d4 Nf6 2. c4 c5 3. d5 e6 4. Nc3 exd5 5. cxd5 d6 6. e4 g6 7. f3 Bg7 8. Bg5 h6
9. Be3 O-O 10. Qd2 Re8 11. g4 a6 12. h4 Bxg4 13. fxg4 Nxg4 14. Be2 Nxe3 15.
Qxe3 b5 16. h5 g5 17. O-O-O Qa5 18. Nf3 b4 19. Nb1 Qxa2 20. Rd2 Nd7 21. Rg1 Kh8
22. Nxg5 hxg5 23. Qxg5 Rg8 24. e5 Rae8 25. Qf4 Rxe5 26. h6 Bf6 27. Rxg8+ Kxg8
28. h7+ Kh8 29. Qg4 Rg5 30. Qxd7 Rg1+ 31. Bd1 Rxd1+ 32. Kxd1 Qxb1+ 33. Ke2 Qe4+
34. Kf1 Qh1+ 35. Kf2 Qh2+ 36. Kf1 Qxd2 37. Qxf7 Qd3+ 38. Kf2 Bd4+ 39. Ke1 Qe3+
40. Kd1 Qg1+ 0-1

[Event "Festival Jean-Claude Loubatière - Master"]
[Site "Montpellier"]
[Date "2006.07.14"]
[Round "7.14"]
[White "Kizov, Atanas"]
[Black "Trent, Lawrence"]
[Result "0-1"]
[WhiteElo "2410"]
[BlackElo "2434"]
[PlyCount "62"]
[EventDate "2006.??.??"]

1. d4 Nf6 2. Nf3 g6 3. g3 Bg7 4. Bg2 O-O 5. O-O d6 6. b3 a5 7. Bb2 a4 8. a3
axb3 9. cxb3 d5 10. Nbd2 c6 11. b4 Nbd7 12. a4 Ne8 13. Qb3 Nd6 14. Ne5 f6 15.
Nxd7 Bxd7 16. e4 e6 17. exd5 cxd5 18. b5 Rf7 19. Ba3 Nf5 20. Nf3 g5 21. Bb2 h5
22. Nd2 Bf8 23. Qd3 Nd6 24. Rfc1 Rh7 25. Qb3 h4 26. b6 Qe8 27. a5 Qh5 28. Nf1
Bb5 29. Qe3 Re8 30. Bc3 g4 31. Qf4 Ne4 0-1

[Event "Festival Jean-Claude Loubatière - Master"]
[Site "Montpellier"]
[Date "2006.07.15"]
[Round "8.1"]
[White "Hamdouchi, Hichem"]
[Black "Dziuba, Marcin"]
[Result "1/2-1/2"]
[WhiteElo "2579"]
[BlackElo "2511"]
[PlyCount "96"]
[EventDate "2006.??.??"]

1. e4 c6 2. d4 d5 3. e5 Bf5 4. Nf3 e6 5. a3 Nd7 6. Be2 Bg6 7. O-O Nh6 8. Bxh6
gxh6 9. Nbd2 f6 10. c4 fxe5 11. dxe5 Qb6 12. cxd5 cxd5 13. Rc1 Bg7 14. Qa4 Rd8
15. Bb5 Ke7 16. Bxd7 Rxd7 17. Nb3 Re8 18. Nc5 Rdd8 19. Qf4 Rf8 20. Qh4+ Kf7 21.
Nd4 Rfe8 22. Rfe1 Rc8 23. b4 a5 24. bxa5 Qxa5 25. Ndxe6 Rxe6 26. Qf4+ Ke7 27.
Qh4+ Kf7 28. Qf4+ Ke7 29. Nxe6 Rxc1 30. Qxc1 Kxe6 31. Qc8+ Kf7 32. Re3 d4 33.
Qc4+ Ke8 34. Qe6+ Kd8 35. Qd6+ Ke8 36. Qe6+ Kd8 37. Qd6+ Ke8 38. Qxd4 Qd8 39.
Qa4+ Qd7 40. Qb3 Bf5 41. e6 Qc6 42. g4 Be4 43. Re1 Bd5 44. Qg3 Bxe6 45. Rxe6+
Qxe6 46. Qb8+ Kf7 47. Qxb7+ Kg6 48. Qf3 Bf6 1/2-1/2

[Event "Festival Jean-Claude Loubatière - Master"]
[Site "Montpellier"]
[Date "2006.07.15"]
[Round "8.3"]
[White "Jedynak, Radoslaw"]
[Black "Czakon, Jakub"]
[Result "1-0"]
[WhiteElo "2519"]
[BlackElo "2484"]
[PlyCount "79"]
[EventDate "2006.??.??"]

1. e4 c5 2. Nf3 d6 3. d4 cxd4 4. Nxd4 Nf6 5. Nc3 a6 6. Be2 e6 7. O-O Be7 8. Be3
O-O 9. f4 Nc6 10. Bf3 Qc7 11. Qe1 Re8 12. Rd1 Bd7 13. Kh1 Rac8 14. Qf2 b5 15.
a3 Qb8 16. g4 Nxd4 17. Bxd4 Bc6 18. g5 Nd7 19. f5 Ne5 20. Bxe5 dxe5 21. f6 Bd8
22. Bg2 Bb6 23. Qh4 Rcd8 24. Rxd8 Qxd8 25. Rd1 Qc7 26. Rd3 Bc5 27. fxg7 Kxg7
28. Qh6+ Kg8 29. Rh3 Qb7 30. Qxh7+ Kf8 31. Rf3 f5 32. Qh8+ Ke7 33. Qf6+ Kd7 34.
Qxe5 fxe4 35. Rf7+ Be7 36. Bxe4 Rg8 37. h4 b4 38. axb4 Qxb4 39. Bxc6+ Kxc6 40.
Qxe6+ 1-0

[Event "Festival Jean-Claude Loubatière - Master"]
[Site "Montpellier"]
[Date "2006.07.15"]
[Round "8.4"]
[White "Savchenko, Stanislav"]
[Black "Bricard, Emmanuel"]
[Result "1-0"]
[WhiteElo "2508"]
[BlackElo "2469"]
[PlyCount "31"]
[EventDate "2006.??.??"]

1. d4 Nf6 2. Nf3 e6 3. c4 Nc6 4. g3 d5 5. Bg2 dxc4 6. O-O Rb8 7. Nc3 b5 8. Ne5
Nxe5 9. dxe5 Nd7 10. Qd4 Bb7 11. Bxb7 Rxb7 12. Rd1 c5 13. Qe4 Qb6 14. a4 a6 15.
axb5 axb5 16. Ra5 1-0